书目信息 |
| 题名: |
雾都伦敦
|
|
| 作者: | 卡弗特 著 ;王庆奖 , 苏前辉 译 | |
| 分册: | ||
| 出版信息: | 北京 社会科学文献出版社 2019.05 |
|
| 页数: | 379页 | |
| 开本: | 22cm | |
| 丛书名: | 启微丛书 | |
| 单 册: | ||
| 中图分类: | X51 | |
| 科图分类: | ||
| 主题词: | 城市空气污染--cheng shi kong qi wu ran--污染防治--研究--伦敦 | |
| 电子资源: | ||
| ISBN: | 978-7-5201-4544-2 | |
| 000 | 01569nam 2200325 450 | |
| 001 | 0100009949 | |
| 005 | 20190905093950.0 | |
| 010 | @a978-7-5201-4544-2@b精装@dCNY69.00 | |
| 100 | @a20190831d2019 em y0chiy50 ea | |
| 101 | 1 | @achi@ceng |
| 102 | @aCN@b110000 | |
| 105 | @aa a 000yy | |
| 106 | @ar | |
| 200 | 1 | @a雾都伦敦@Awu du lun dun@e现代早期城市的能源与环境@f(美) 威廉·卡弗特著@d= The smoke of London@eenergy and environment in the early modern city@fWilliam M. Cavert@g王庆奖, 苏前辉译@zeng |
| 210 | @a北京@c社会科学文献出版社@d2019.05 | |
| 215 | @a379页@c图@d22cm | |
| 225 | 2 | @a启微丛书@Aqi wei cong shu |
| 314 | @a威廉·卡弗特, 美国西北大学博士, 现任圣托玛斯大学 (明尼苏达) 历史系副教授。王庆奖, 南京大学历史学博士, 昆明理工大学外国语言文化学院教授。苏前辉, 毕业于西南师范大学外语系, 云南财经大学国际语言文化学院教授。 | |
| 320 | @a有书目 | |
| 330 | @a本书是剑桥现代早期英国史丛书之一, 从政治、文化、社会、法制乃至心理等多维度全方位分析了16-18世纪伦敦各界对烟雾的认识与因应。主要内容包括: 转型 ; 争议 ; 利维坦之动力等。 | |
| 410 | 0 | @12001 @a启微丛书 |
| 500 | 10 | @aSmoke of London : energy and environment in the early modern city@mChinese |
| 517 | 1 | @a现代早期城市的能源与环境@Axian dai zao qi cheng shi de neng yuan yu huan jing |
| 606 | 0 | @a城市空气污染@Acheng shi kong qi wu ran@x污染防治@x研究@y伦敦 |
| 690 | @aX51@v5 | |
| 701 | 1 | @a卡弗特@Aka fu te@g(Cavert, William M.)@4著 |
| 702 | 0 | @a王庆奖@Awang qing jiang@4译 |
| 702 | 0 | @a苏前辉@Asu qian hui@4译 |
| 801 | 0 | @aCN@c20190905 |
| 905 | @a河南城建学院图书馆@dX51@eK036 | |
| 雾都伦敦:现代早期城市的能源与环境/(美) 威廉·卡弗特著= The smoke of London:energy and environment in the early modern city/William M. Cavert/王庆奖, 苏前辉译.-北京:社会科学文献出版社,2019.05 |
| 379页:图;22cm.-(启微丛书) |
| ISBN 978-7-5201-4544-2(精装):CNY69.00 |
| 本书是剑桥现代早期英国史丛书之一, 从政治、文化、社会、法制乃至心理等多维度全方位分析了16-18世纪伦敦各界对烟雾的认识与因应。主要内容包括: 转型 ; 争议 ; 利维坦之动力等。 |
| ● |
| 相关链接 |
|
|
|
正题名:雾都伦敦
索取号:X51/K036
 
预约/预借
| 序号 | 登录号 | 条形码 | 馆藏地/架位号 | 状态 | 备注 |
| 1 | 1437266 | 214372668 | 自科库501/501自科库 68排6列2层/ [索取号:X51/K036] | 在馆 | |
| 2 | 1437267 | 214372677 | 自科库501/501自科库 68排6列2层/ [索取号:X51/K036] | 在馆 |